[Event "C.to Italiano U14"]
[Site "Cortina d'Ampezzo ITA"]
[Date "2002.07.05"]
[Round "5"]
[White "Badalotti, Dario"]
[Black "Insalata, Ferdinando"]
[Result "0-1"]
[WhiteElo "1585"]
[BlackElo "1600"]
[PlyCount "118"]
[EventDate "2002.07.02"]

1. e4 e5 2. Nf3 Nc6 3. Bb5 a6 4. Bxc6 dxc6 5. d3 Bg4 6. h3 Bxf3 7. Qxf3 Nf6 8.
Bg5 Be7 9. O-O Qd6 10. a3 h6 11. Bxf6 gxf6 12. Nc3 O-O-O 13. Rfe1 Rdg8 14. Ne2
Kb8 15. Kh1 Rg5 16. Ng3 h5 17. Rg1 Qe6 18. Nf5 Bc5 19. Ne3 Bxe3 20. Qxe3 Rhg8
21. Qf3 f5 22. exf5 Rxf5 23. Qe3 Rfg5 24. b3 Qd5 25. Qf3 Kc8 26. h4 Qxf3 27.
gxf3 Rxg1+ 28. Rxg1 Rxg1+ 29. Kxg1 Kd7 30. Kf1 Ke6 31. Ke2 Kd5 32. Ke3 f5 33.
c3 f4+ 34. Kd2 b6 35. Kc2 c5 36. Kb2 c6 37. a4 b5 38. a5 c4 39. dxc4+ bxc4 40.
b4 c5 41. bxc5 Kxc5 42. Kc2 Kb5 43. Kb2 Kxa5 44. Ka3 Kb5 45. Kb2 Kc5 46. Ka3
Kd5 47. Kb4 a5+ 48. Kxa5 e4 49. fxe4+ Kxe4 50. Kb4 Kd3 51. f3 Ke3 52. Kxc4 Kxf3
53. Kd5 Kg3 54. c4 f3 55. c5 f2 56. c6 f1=Q 57. c7 Qa6 58. Kc5 Kxh4 59. Kd5 Kg4
0-1

[Event "C.to Italiano U14"]
[Site "Cortina d'Ampezzo ITA"]
[Date "2002.07.05"]
[Round "5"]
[White "Messina, Elia"]
[Black "Brunello, Sabino"]
[Result "0-1"]
[WhiteElo "2147"]
[BlackElo "1957"]
[PlyCount "118"]
[EventDate "2002.07.02"]

1. e4 e5 2. Nf3 Nc6 3. Bc4 Be7 4. O-O Nf6 5. Nc3 O-O 6. d3 d6 7. h3 Be6 8. Bb3
h6 9. Be3 Nh7 10. Qd2 Ng5 11. Nxg5 Bxg5 12. f4 Bxf4 13. Bxf4 exf4 14. Qxf4 Nd4
15. Qf2 Nxb3 16. axb3 a6 17. Qg3 d5 18. Kh1 Kh8 19. Rae1 c6 20. Rf2 b5 21. exd5
cxd5 22. Ref1 Rc8 23. Qf4 Qc7 24. Re2 Kg8 25. Qxc7 Rxc7 26. Rf4 Rb8 27. b4 g5
28. Rd4 Rd7 29. Kg1 Rb6 30. Nb1 f5 31. Nd2 Kf7 32. Nb3 Kf6 33. Nc5 Rc7 34. Kf2
Bf7 35. c3 Re7 36. Rxe7 Kxe7 37. g3 Rc6 38. Nb3 Kf6 39. Nd2 Rc8 40. Nb3 Ke5 41.
Nc5 Rc7 42. Ke3 a5 43. Nb3 a4 44. Nd2 a3 45. bxa3 Rxc3 46. a4 bxa4 47. b5 Be8
48. Rb4 Rc8 49. b6 Rb8 50. b7 Kd6 51. Nb1 Kc5 52. Rb2 d4+ 53. Kd2 Bc6 54. Rc2+
Kd5 55. Na3 Rxb7 56. Nc4 Bd7 57. Ra2 Bb5 58. Rb2 Kc5 59. Na3 Ba6 0-1

[Event "C.to Italiano U14"]
[Site "Cortina d'Ampezzo ITA"]
[Date "2002.07.05"]
[Round "5"]
[White "Ricca, Giorgio"]
[Black "Todarello, Giovanni"]
[Result "1/2-1/2"]
[WhiteElo "1531"]
[BlackElo "1725"]
[PlyCount "61"]
[EventDate "2002.07.02"]

1. e4 c5 2. Nf3 e6 3. d4 cxd4 4. Nxd4 Nf6 5. Nc3 Qb6 6. f3 Bc5 7. Nb3 Bf2+ 8.
Ke2 O-O 9. Na4 Qb5+ 10. Kxf2 Qxa4 11. Be3 d5 12. exd5 Nxd5 13. Qd4 Qd7 14. Rd1
Nc6 15. Qh4 Qd8 16. Qxd8 Rxd8 17. Bc4 Nce7 18. Bc5 Bd7 19. Rd2 Rac8 20. Bxe7
Nxe7 21. Bd3 Bc6 22. Rhd1 Bd5 23. Nc1 Ng6 24. Bxg6 hxg6 25. Ne2 Re8 26. Nc3 Bc6
27. a3 Kf8 28. Rd4 Ke7 29. Ke3 Rh8 30. h3 e5 31. R4d2 1/2-1/2

[Event "C.to Italiano U14"]
[Site "Cortina d'Ampezzo ITA"]
[Date "2002.07.05"]
[Round "5"]
[White "Rombaldoni, Denis"]
[Black "Della Corte, Marco"]
[Result "1/2-1/2"]
[WhiteElo "1903"]
[BlackElo "1645"]
[PlyCount "116"]
[EventDate "2002.07.02"]

1. d4 Nf6 2. Nf3 g6 3. Bg5 Bg7 4. c4 O-O 5. Nc3 d6 6. e4 c5 7. Be2 cxd4 8. Nxd4
Nc6 9. Be3 a6 10. O-O Qc7 11. Rc1 e6 12. a3 Bd7 13. Qd2 Ne7 14. Rfd1 Rad8 15.
Bf3 Bc6 16. Nxc6 bxc6 17. Qe2 Qb7 18. e5 dxe5 19. Bc5 Rfe8 20. Bxe7 Qxe7 21.
Bxc6 Rxd1+ 22. Rxd1 Rc8 23. Ba4 Qc7 24. b3 Bf8 25. Ne4 Nxe4 26. Qxe4 Rd8 27.
Rxd8 Qxd8 28. g3 Bxa3 29. Qxe5 Qd6 30. Qf6 Qe7 31. Qf3 Qa7 32. Qc3 Bc5 33. Qf3
a5 34. Kf1 Bb6 35. Qf4 Qc7 36. Qf3 Qb8 37. h4 Qa7 38. g4 Bd8 39. h5 Bg5 40. Qe4
Bd2 41. Ke2 Bb4 42. Qd3 Qc7 43. Qf3 Qe5+ 44. Kf1 Qa1+ 45. Kg2 Qg7 46. Qa8+ Qf8
47. Qf3 Qg7 48. Qh3 gxh5 49. Qxh5 Qg6 50. Qxg6+ hxg6 51. f4 f6 52. Be8 g5 53.
f5 e5 54. Kf3 Kf8 55. Bb5 Ke7 56. Ke4 Kd6 57. Ba4 Bc5 58. Be8 Bb4 1/2-1/2

[Event "C.to Italiano U14"]
[Site "Cortina d'Ampezzo ITA"]
[Date "2002.07.05"]
[Round "5"]
[White "Ronchetti, Niccolo'"]
[Black "Vocaturo, Daniele"]
[Result "1/2-1/2"]
[WhiteElo "2117"]
[BlackElo "2101"]
[PlyCount "139"]
[EventDate "2002.07.02"]

1. e4 c5 2. Nf3 d6 3. d4 cxd4 4. Nxd4 Nf6 5. Nc3 a6 6. Bc4 e6 7. Bb3 b5 8. O-O
Bb7 9. Re1 Nbd7 10. Bg5 Rc8 11. f4 Qb6 12. Kh1 Rxc3 13. bxc3 Nxe4 14. Bh4 d5
15. Qf3 Ndc5 16. Red1 Bd6 17. a4 h6 18. Be1 g5 19. axb5 gxf4 20. bxa6 Bxa6 21.
Rdb1 Qc7 22. Nb5 Qd7 23. Nxd6+ Qxd6 24. Ba4+ Ke7 25. Bb5 Ng5 26. Bh4 Bb7 27.
Bf1 Kf8 28. Qh5 Qe5 29. Ra5 Qxc3 30. Rxc5 Qxc5 31. Rxb7 Qc8 32. Rb2 Ne4 33. Qe5
f6 34. Qb8 Kf7 35. Qxc8 Rxc8 36. Bd3 Nc5 37. Be2 Kg6 38. Kg1 e5 39. Rb6 Ne4 40.
Bd3 Kh5 41. Bxf6 Nxf6 42. Rxf6 e4 43. Rxf4 Kg5 44. Rf7 exd3 45. cxd3 Rc3 46.
Rf3 h5 47. g3 d4 48. Kg2 Rc2+ 49. Rf2 Rc3 50. Rd2 Rc1 51. Kf3 Kf5 52. Ra2 Rf1+
53. Rf2 Re1 54. Kg2+ Ke5 55. Rd2 Kf5 56. Kf2 Re3 57. Kg2 Kg5 58. Kh3 h4 59. Kg2
hxg3 60. hxg3 Kg4 61. Kf2 Rxg3 62. Rd1 Rh3 63. Rg1+ Kf4 64. Ke2 Rh2+ 65. Kd1
Ra2 66. Rg8 Rh2 67. Rg7 Ke5 68. Rg4 Kd5 69. Rg5+ Kc6 70. Rf5 1/2-1/2

[Event "C.to Italiano U14"]
[Site "Cortina d'Ampezzo ITA"]
[Date "2002.07.06"]
[Round "6"]
[White "Brunello, Sabino"]
[Black "Ronchetti, Niccolo'"]
[Result "1/2-1/2"]
[WhiteElo "1957"]
[BlackElo "2117"]
[PlyCount "63"]
[EventDate "2002.07.02"]

1. e4 c5 2. d4 cxd4 3. c3 d5 4. exd5 Qxd5 5. cxd4 Nc6 6. Nf3 e5 7. Nc3 Bb4 8.
Bd2 Bxc3 9. Bxc3 e4 10. Ne5 Nxe5 11. dxe5 Ne7 12. Be2 Bd7 13. O-O Bc6 14. Qb3
O-O 15. Rfd1 Qc5 16. Qb4 Qxb4 17. Bxb4 Rfe8 18. Bc3 Nd5 19. Bd4 Nf4 20. Bf1 a5
21. Rac1 a4 22. g3 Ne6 23. Bc3 Nc5 24. Bc4 Rad8 25. Rxd8 Rxd8 26. Ba5 Rd7 27.
Kf1 Nd3 28. Bxd3 Rxd3 29. Ke2 Bb5 30. Ke1 Bc6 31. Rd1 Rxd1+ 32. Kxd1 1/2-1/2

[Event "C.to Italiano U14"]
[Site "Cortina d'Ampezzo ITA"]
[Date "2002.07.06"]
[Round "6"]
[White "De Rosa, Mariagrazia"]
[Black "Mora, Lorenzo"]
[Result "1-0"]
[WhiteElo "1711"]
[BlackElo "1600"]
[PlyCount "71"]
[EventDate "2002.07.02"]

1. e4 e5 2. Nf3 Nc6 3. Bb5 d6 4. d4 exd4 5. Qxd4 Bd7 6. Bxc6 Bxc6 7. O-O Nf6 8.
Nc3 Be7 9. Re1 O-O 10. Qd3 Re8 11. Nd4 Qd7 12. Nf5 Bf8 13. Bg5 Qe6 14. Nd4 Qe5
15. f4 Qc5 16. Bxf6 gxf6 17. Kh1 Kh8 18. Re3 Bd7 19. Nd5 Bb5 20. Nxb5 c6 21.
Nxf6 Qxb5 22. Qxb5 cxb5 23. Nxe8 Rxe8 24. Rae1 Bh6 25. g3 Bg7 26. c3 b4 27.
cxb4 Bxb2 28. Kg2 Rc8 29. R1e2 Bf6 30. Rd3 Be7 31. Rd5 Rc4 32. b5 Kg7 33. e5
dxe5 34. fxe5 f6 35. Rd7 Kf7 36. exf6 1-0

[Event "C.to Italiano U14"]
[Site "Cortina d'Ampezzo ITA"]
[Date "2002.07.06"]
[Round "6"]
[White "Insalata, Ferdinando"]
[Black "Messina, Elia"]
[Result "0-1"]
[WhiteElo "1600"]
[BlackElo "2147"]
[PlyCount "36"]
[EventDate "2002.07.02"]

1. e4 e5 2. Nf3 Nf6 3. Nxe5 d6 4. Nf3 Nxe4 5. Qe2 Qe7 6. d4 d5 7. Bf4 Bg4 8. h3
Bxf3 9. Qxf3 Ng3+ 10. Be2 Nxh1 11. Qxd5 Nc6 12. Nc3 Rd8 13. Qb5 Qd7 14. O-O-O
Nxf2 15. Re1 Be7 16. Bg5 O-O 17. Bxe7 Qxe7 18. Rf1 Qh4 0-1

[Event "C.to Italiano U14"]
[Site "Cortina d'Ampezzo ITA"]
[Date "2002.07.06"]
[Round "6"]
[White "Vocaturo, Daniele"]
[Black "Rombaldoni, Denis"]
[Result "0-1"]
[WhiteElo "2101"]
[BlackElo "1903"]
[PlyCount "120"]
[EventDate "2002.07.02"]

1. e4 c6 2. d4 d5 3. Nc3 dxe4 4. Nxe4 Nf6 5. Nxf6+ gxf6 6. Bc4 Bf5 7. c3 e6 8.
Ne2 Bd6 9. Ng3 Bg6 10. Qf3 Nd7 11. Be3 Qc7 12. O-O-O O-O-O 13. Ne4 Bxe4 14.
Qxe4 Nb6 15. Bb3 Nd5 16. Bxd5 cxd5 17. Qd3 Qa5 18. Kb1 b5 19. g3 Kd7 20. f4 f5
21. g4 fxg4 22. h3 g3 23. Rhg1 b4 24. c4 dxc4 25. Qxc4 Rc8 26. Qd3 Qf5 27. Qxf5
exf5 28. Rxg3 Rhg8 29. Rdg1 Rxg3 30. Rxg3 Re8 31. Kc2 Re4 32. Rf3 Kc6 33. Kd3
Kd5 34. Rf1 Bc7 35. Rc1 Bxf4 36. Bxf4 Rxf4 37. Rc5+ Kd6 38. Ra5 Rf3+ 39. Kc4
Rf2 40. Ra6+ Ke7 41. b3 f4 42. Kd3 f5 43. h4 Rf3+ 44. Kc4 Rc3+ 45. Kd5 f3 46.
Re6+ Kf7 47. Re1 Kf6 48. Re6+ Kf7 49. Re1 f2 50. Rf1 Rc2 51. Ke5 Rxa2 52. d5
Ke7 53. Kxf5 Kd6 54. Ke4 a5 55. Kd4 a4 56. Kc4 a3 57. Kxb4 Kxd5 58. Ka4 Ke4 59.
b4 Kf3 60. b5 Rb2 0-1

[Event "C.to Italiano U14"]
[Site "Cortina d'Ampezzo ITA"]
[Date "2002.07.06"]
[Round "7"]
[White "Lettieri, Giuseppe"]
[Black "Todarello, Giovanni"]
[Result "1/2-1/2"]
[WhiteElo "1711"]
[BlackElo "1725"]
[PlyCount "64"]
[EventDate "2002.07.02"]

1. e4 c5 2. c3 d5 3. exd5 Qxd5 4. d4 Nf6 5. Nf3 Nc6 6. Be3 cxd4 7. cxd4 e6 8.
Nc3 Qd6 9. Bc4 a6 10. O-O Be7 11. Rc1 O-O 12. a3 b5 13. Ba2 Rd8 14. Qe2 Bb7 15.
Rfd1 b4 16. d5 bxc3 17. dxc6 Qxc6 18. Rxc3 Rxd1+ 19. Qxd1 Qd6 20. Qxd6 Bxd6 21.
Nd2 Nd5 22. Bxd5 Bxd5 23. Nc4 Be7 24. Nb6 Rd8 25. Nxd5 Rxd5 26. Kf1 Kf8 27. Ke2
Ke8 28. Rc7 Rd7 29. Rxd7 Kxd7 30. Kd3 Kc6 31. Kc4 a5 32. Bd2 Kb6 1/2-1/2

[Event "C.to Italiano U14"]
[Site "Cortina d'Ampezzo ITA"]
[Date "2002.07.06"]
[Round "7"]
[White "Messina, Elia"]
[Black "De Rosa, Mariagrazia"]
[Result "1/2-1/2"]
[WhiteElo "2147"]
[BlackElo "1711"]
[PlyCount "119"]
[EventDate "2002.07.02"]

1. e4 c5 2. Nf3 d6 3. d4 cxd4 4. Nxd4 Nf6 5. Nc3 a6 6. Be2 e6 7. O-O Nbd7 8.
Be3 Qc7 9. f4 b5 10. a3 Bb7 11. Bf3 Rc8 12. Kh1 Be7 13. Qe1 Nc5 14. Bg1 g6 15.
Rd1 e5 16. fxe5 dxe5 17. Nb3 Na4 18. Nxa4 bxa4 19. Na1 O-O 20. c3 Qc4 21. Qg3
Qb5 22. Rfe1 Rfd8 23. c4 Qa5 24. c5 Qc7 25. Rc1 Rd3 26. Qf2 Bc6 27. Nc2 a5 28.
Rf1 Rcd8 29. Rce1 Bb5 30. Be2 Rd2 31. Qe3 Bxe2 32. Rxe2 Bxc5 33. Qf3 Bxg1 34.
Kxg1 Qb6+ 35. Kh1 R8d3 36. Rxd2 Rxf3 37. gxf3 Qxb2 38. Rfd1 Qb3 39. Kg2 Kg7 40.
Rf2 Nh5 41. Rdd2 Nf4+ 42. Kg3 Qe6 43. Rf1 Qh3+ 44. Kf2 Qxh2+ 45. Ke3 Qh6 46.
Rfd1 Qg5 47. Kf2 Nh3+ 48. Ke2 Qg2+ 49. Ke3 Qg3 50. Rf1 Nf4 51. Ne1 h5 52. Nd3
Ng2+ 53. Ke2 h4 54. Ne1 Nf4+ 55. Kd1 h3 56. Rh1 Ng2 57. Rxh3 Qxh3 58. Rxg2 Qd7+
59. Kc1 Qb5 60. Rd2 1/2-1/2

[Event "C.to Italiano U14"]
[Site "Cortina d'Ampezzo ITA"]
[Date "2002.07.06"]
[Round "7"]
[White "Rombaldoni, Denis"]
[Black "Brunello, Sabino"]
[Result "1/2-1/2"]
[WhiteElo "1903"]
[BlackElo "1957"]
[PlyCount "126"]
[EventDate "2002.07.02"]

1. d4 d5 2. Nf3 Nf6 3. e3 Bf5 4. c4 e6 5. Nc3 dxc4 6. Bxc4 Nbd7 7. O-O Be7 8.
Re1 c6 9. e4 Bg6 10. d5 Nb6 11. b3 Nxc4 12. bxc4 exd5 13. exd5 O-O 14. dxc6
Qxd1 15. Nxd1 Bb4 16. cxb7 Rad8 17. b8=Q Rxb8 18. Bd2 Bxd2 19. Nxd2 Rfd8 20.
Nb3 Ne4 21. f3 Nd2 22. Nxd2 Rxd2 23. Nf2 h6 24. Ng4 Rbb2 25. Ne3 Rxa2 26. Rxa2
Rxa2 27. Rc1 Ra6 28. c5 Rc6 29. Nd5 Kf8 30. Nb4 Rc8 31. Kf2 a5 32. Nd5 Rc6 33.
Ke3 Bf5 34. Kd4 Bd7 35. Nb6 Be8 36. Ra1 Rg6 37. g3 a4 38. Ra2 Rf6 39. f4 g5 40.
fxg5 hxg5 41. Nxa4 Rf1 42. Nb6 Rd1+ 43. Ke5 Bc6 44. Kf6 Rc1 45. Rd2 Kg8 46.
Rd8+ Kh7 47. Nd7 Bxd7 48. Rxd7 Rxc5 49. Rxf7+ Kh6 50. Re7 Rc2 51. Kf5 Rxh2 52.
Re6+ Kg7 53. Kxg5 Ra2 54. Re7+ Kg8 55. g4 Ra6 56. Kh5 Rb6 57. Kg5 Ra6 58. Kf5
Rb6 59. Re6 Rxe6 60. Kxe6 Kg7 61. Kf5 Kf7 62. g5 Kg7 63. g6 Kg8 1/2-1/2

[Event "C.to Italiano U14"]
[Site "Cortina d'Ampezzo ITA"]
[Date "2002.07.06"]
[Round "7"]
[White "Salafia, Andrea"]
[Black "Vocaturo, Daniele"]
[Result "0-1"]
[WhiteElo "1500"]
[BlackElo "2101"]
[PlyCount "77"]
[EventDate "2002.07.02"]

1. e4 c5 2. Nf3 d6 3. d4 cxd4 4. Nxd4 Nf6 5. Nc3 a6 6. Bd3 e5 7. Nf3 Be7 8. O-O
O-O 9. Be3 b5 10. Qe2 Bb7 11. Rad1 Qc7 12. a3 Nbd7 13. Rfe1 Rac8 14. h3 Rfd8
15. Bg5 Nc5 16. Be3 h6 17. Nh4 Nfxe4 18. Nxe4 Nxe4 19. Bxh6 Bxh4 20. Bxe4 Bxe4
21. Qxe4 Bf6 22. Qg4 Qd7 23. Qg3 Rxc2 24. Re4 Qf5 25. Rg4 g6 26. Rd3 Bg7 27.
Rf3 Qe6 28. Bxg7 Kxg7 29. Rg5 Rdc8 30. Rgf5 R8c7 31. h4 Rxb2 32. h5 Qc4 33.
hxg6 Qc1+ 34. Kh2 Qh6+ 35. Qh3 Qxh3+ 36. gxh3 fxg6 37. Rf6 Rd2 38. Re6 Rf7 39.
Kg3 0-1

[Event "C.to Italiano U14"]
[Site "Cortina d'Ampezzo ITA"]
[Date "2002.07.07"]
[Round "8"]
[White "Lettieri, Giuseppe"]
[Black "Messina, Elia"]
[Result "0-1"]
[WhiteElo "1711"]
[BlackElo "2147"]
[PlyCount "52"]
[EventDate "2002.07.02"]

1. e4 e5 2. Nf3 Nf6 3. Nxe5 d6 4. Nf3 Nxe4 5. d4 d5 6. Bd3 Bd6 7. O-O O-O 8. c4
c6 9. Qc2 Bg4 10. Bxe4 dxe4 11. Qxe4 Bxf3 12. Qxf3 Qh4 13. g3 Qxd4 14. Qb3 Na6
15. Be3 Qg4 16. Nd2 b6 17. a3 Bc5 18. Rfe1 Rad8 19. Qc2 f5 20. Nf1 f4 21. Bxc5
Nxc5 22. Rad1 Rde8 23. b4 Ne4 24. f3 Qxf3 25. Qg2 Qxg2+ 26. Kxg2 f3+ 0-1

[Event "C.to Italiano U14"]
[Site "Cortina d'Ampezzo ITA"]
[Date "2002.07.07"]
[Round "8"]
[White "Rombaldoni, Denis"]
[Black "Ronchetti, Niccolo'"]
[Result "1-0"]
[WhiteElo "1903"]
[BlackElo "2117"]
[PlyCount "59"]
[EventDate "2002.07.02"]

1. d4 Nf6 2. Nf3 e6 3. e3 c5 4. Bd3 Nc6 5. Nbd2 b6 6. O-O Be7 7. b3 O-O 8. Bb2
Bb7 9. Ne5 d6 10. Nxc6 Bxc6 11. f4 Re8 12. e4 cxd4 13. Bxd4 e5 14. Bb2 Nd7 15.
Qf3 exf4 16. Qxf4 Bf6 17. Bxf6 Nxf6 18. Rae1 b5 19. Re3 Qd7 20. Qh4 Ng4 21. Rh3
h6 22. Rg3 Ne5 23. Qxh6 Ng6 24. Qh5 Qb7 25. Rh3 Re6 26. Nf3 Rf6 27. e5 dxe5 28.
Bxg6 fxg6 29. Qh8+ Kf7 30. Ng5+ 1-0

[Event "C.to Italiano U14"]
[Site "Cortina d'Ampezzo ITA"]
[Date "2002.07.07"]
[Round "8"]
[White "Vocaturo, Daniele"]
[Black "Brunello, Sabino"]
[Result "1-0"]
[WhiteElo "2101"]
[BlackElo "1957"]
[PlyCount "133"]
[EventDate "2002.07.02"]

1. e4 e5 2. Nf3 Nc6 3. Bb5 d6 4. d4 Bd7 5. O-O Nf6 6. Nc3 Be7 7. Re1 exd4 8.
Nxd4 O-O 9. Nxc6 bxc6 10. Bc4 Ng4 11. Be2 Ne5 12. f4 Ng6 13. g3 Bf6 14. Qd3 Rb8
15. Bf3 Re8 16. Rd1 Qc8 17. Rb1 Bg4 18. Bd2 Bxf3 19. Qxf3 Qa6 20. Qd3 Qc8 21.
Re1 Qg4 22. Kh1 h5 23. Nd1 h4 24. Nf2 Qh5 25. g4 Qb5 26. b3 c5 27. Qxb5 Rxb5
28. e5 dxe5 29. f5 Nf8 30. g5 Bd8 31. c4 Rb8 32. Re4 Nh7 33. Rg1 f6 34. g6 Ng5
35. Bxg5 fxg5 36. Nd3 Bf6 37. Nxc5 Red8 38. Re2 Rd6 39. Ne6 Re8 40. Nxc7 Re7
41. Ne6 Red7 42. Nxg5 Rd2 43. Rxd2 Rxd2 44. Ne4 Rxa2 45. Nxf6+ gxf6 46. Rf1 h3
47. Rd1 Rb2 48. Rd8+ Kg7 49. Kg1 Rg2+ 50. Kf1 Rxh2 51. Rd7+ Kg8 52. Rh7 Rg2 53.
Rxh3 Rg5 54. Rf3 e4 55. Rf4 Rg3 56. b4 e3 57. Ke2 Kg7 58. c5 Kf8 59. Re4 Rg1
60. Kxe3 Rf1 61. Rf4 Re1+ 62. Kd4 Rd1+ 63. Kc4 a6 64. c6 Rc1+ 65. Kd5 Ke7 66.
Rg4 Rf1 67. g7 1-0

[Event "C.to Italiano U14 femminile"]
[Site "Cortina d'Ampezzo ITA"]
[Date "2002.07.02"]
[Round "1"]
[White "Cattani, Stella"]
[Black "Ambrosi, Eleonora"]
[Result "0-1"]
[WhiteElo "1401"]
[BlackElo "2067"]
[PlyCount "66"]
[EventDate "2002.07.02"]

1. e4 c5 2. Nc3 e6 3. Bc4 Nc6 4. Nf3 g6 5. d3 Bg7 6. Bd2 Nge7 7. O-O O-O 8. Rb1
a6 9. Bb3 d6 10. Ne2 e5 11. Qc1 Bg4 12. Kh1 Bxf3 13. gxf3 Kh8 14. Ng3 Nd4 15.
Qd1 Nxb3 16. axb3 f5 17. exf5 Nxf5 18. Rg1 Nd4 19. Rg2 Nxf3 20. Rc1 Qh4 21. Qe2
Nxd2 22. Qxd2 Bh6 23. Qe1 Bxc1 24. Qxc1 d5 25. Qe3 Qe7 26. c3 Rf7 27. Kg1 Raf8
28. c4 Rf3 29. Qe2 Qd6 30. Qc2 dxc4 31. dxc4 Qd3 32. Qxd3 Rxd3 33. Ne4 Rd1# 0-1

[Event "C.to Italiano U14 femminile"]
[Site "Cortina d'Ampezzo ITA"]
[Date "2002.07.02"]
[Round "1"]
[White "Panella, Fiammetta"]
[Black "Lai, Silvia"]
[Result "1-0"]
[WhiteElo "1693"]
[BlackElo "1399"]
[PlyCount "87"]
[EventDate "2002.07.02"]

1. e4 e5 2. Nf3 Nc6 3. Bb5 a6 4. Ba4 Nf6 5. O-O Be7 6. Re1 b5 7. Bb3 d6 8. h3
Na5 9. c3 Nxb3 10. axb3 c5 11. d4 cxd4 12. cxd4 exd4 13. Nxd4 Bb7 14. f3 O-O
15. Bf4 Rc8 16. Nf5 Rc6 17. Nc3 Bc8 18. Nxe7+ Qxe7 19. Nd5 Qd7 20. Nb4 Rb6 21.
Be3 Rb8 22. Nxa6 Bxa6 23. Rxa6 Rfd8 24. Bf4 Ne8 25. Qd3 Qc7 26. Rc1 Qd7 27.
Rcc6 Nc7 28. Rxd6 Qe7 29. Rxd8+ Rxd8 30. Rd6 Ne6 31. Rxd8+ Qxd8 32. Qxd8+ Nxd8
33. Kf2 f6 34. Ke3 Nc6 35. Bd6 Kf7 36. f4 Ke6 37. Bc5 g6 38. g4 Kf7 39. h4 h6
40. Bd4 Ke6 41. f5+ gxf5 42. exf5+ Ke7 43. Ke4 Kd6 44. Bxf6 1-0

[Event "C.to Italiano U14 femminile"]
[Site "Cortina d'Ampezzo ITA"]
[Date "2002.07.03"]
[Round "2"]
[White "Ambrosi, Eleonora"]
[Black "Dieni, Eleonora"]
[Result "1-0"]
[WhiteElo "2067"]
[BlackElo "1476"]
[PlyCount "69"]
[EventDate "2002.07.02"]

1. d4 d5 2. Nf3 Nc6 3. e3 Bg4 4. c4 Nf6 5. Nc3 e5 6. dxe5 Nxe5 7. cxd5 Bb4 8.
Qa4+ Qd7 9. Qxb4 Rb8 10. Nxe5 Qc8 11. Nxg4 Qxg4 12. Qxg4 Nxg4 13. Be2 Nf6 14.
e4 O-O 15. e5 Nd7 16. f4 f6 17. e6 Nc5 18. Be3 Na6 19. Bxa6 bxa6 20. b3 Rb7 21.
O-O f5 22. Rac1 Re8 23. Na4 g6 24. Rc6 Rd8 25. Nc5 Rb5 26. e7 Re8 27. Rxc7 Rbb8
28. d6 Kf7 29. Nd7 Ra8 30. Ne5+ Ke6 31. Bc5 Rab8 32. d7 Rxe7 33. Bxe7 Kxe7 34.
Rc8 Rxc8 35. dxc8=Q 1-0

[Event "C.to Italiano U14 femminile"]
[Site "Cortina d'Ampezzo ITA"]
[Date "2002.07.03"]
[Round "2"]
[White "Castellano, Fulvia"]
[Black "Panella, Fiammetta"]
[Result "0-1"]
[WhiteElo "1495"]
[BlackElo "1693"]
[PlyCount "82"]
[EventDate "2002.07.02"]

1. e4 c5 2. Nf3 e6 3. d4 cxd4 4. Nxd4 a6 5. Nc3 Qc7 6. a3 Nf6 7. Be3 b5 8. Be2
Bb7 9. Qd3 d6 10. O-O Nbd7 11. b4 Ne5 12. Qd2 Nxe4 13. Nxe4 Bxe4 14. f3 Bb7 15.
Bf4 Ng6 16. Bg3 Rc8 17. Rac1 Qc3 18. Qd3 Be7 19. Be1 Qxd3 20. Bxd3 Nf4 21. Bg3
Nxd3 22. cxd3 O-O 23. Nb3 Bd5 24. Nd2 f5 25. f4 Bf6 26. Nb1 Bb2 27. Rcd1 Rc2
28. Bf2 Rfc8 29. Rfe1 Rc1 30. d4 Rxd1 31. Rxd1 Rc1 32. Rxc1 Bxc1 33. Be1 Bxf4
34. Bd2 Bxd2 35. Nxd2 e5 36. dxe5 dxe5 37. Nf3 Bxf3 38. gxf3 Kf7 39. Kf2 Ke6
40. Ke3 Kd5 41. Kd3 g5 0-1

[Event "C.to Italiano U14 femminile"]
[Site "Cortina d'Ampezzo ITA"]
[Date "2002.07.04"]
[Round "3"]
[White "Micco, Monica"]
[Black "Ambrosi, Eleonora"]
[Result "0-1"]
[WhiteElo "1500"]
[BlackElo "2067"]
[PlyCount "64"]
[EventDate "2002.07.02"]

1. e4 c5 2. Nf3 e6 3. d4 cxd4 4. Nxd4 Nc6 5. Be3 a6 6. Nc3 Qc7 7. a3 Nf6 8. g3
d6 9. f4 Na5 10. Qe2 Bd7 11. O-O-O b5 12. Qg2 Rc8 13. Na2 e5 14. Nf5 g6 15. Nh4
Bh3 16. Qd2 Nb3+ 17. Kb1 Nxd2+ 18. Rxd2 Bxf1 19. Rxf1 Nxe4 20. Rg2 Bg7 21. Rc1
a5 22. c3 O-O 23. Nf3 Qc4 24. Ne1 exf4 25. Bd4 Bxd4 26. cxd4 Qxd4 27. Rgc2 Nd2+
28. Ka1 Nb3+ 29. Kb1 Nxc1 30. Nxc1 Qe4 31. Ned3 Rxc2 32. Kxc2 Rc8+ 0-1

[Event "C.to Italiano U14 femminile"]
[Site "Cortina d'Ampezzo ITA"]
[Date "2002.07.04"]
[Round "3"]
[White "Panella, Fiammetta"]
[Black "Rigo, Caterina"]
[Result "1-0"]
[WhiteElo "1693"]
[BlackElo "1570"]
[PlyCount "75"]
[EventDate "2002.07.02"]

1. e4 e5 2. Nf3 Nf6 3. Nxe5 d6 4. Nf3 Nxe4 5. d4 d5 6. Bd3 Be7 7. O-O Nc6 8.
Re1 Bf5 9. c4 Nb4 10. Ne5 Nxd3 11. Nxd3 c6 12. f3 Nf6 13. c5 O-O 14. Bf4 Re8
15. Nc3 b6 16. b4 bxc5 17. bxc5 Qa5 18. Ne2 Qa6 19. Nb4 Qb7 20. Qa4 Rac8 21.
Ng3 Bg6 22. Re2 Qd7 23. Rd1 h6 24. Rb2 Bd8 25. Nd3 Bxd3 26. Rxd3 Re1+ 27. Kf2
Re8 28. Rdb3 Qe6 29. Re2 Qd7 30. Rxe8+ Nxe8 31. Qa6 Bf6 32. Ne2 Ra8 33. Rb7 Qc8
34. Ke3 Bd8 35. Nc1 Nf6 36. Nd3 Nh5 37. Bd6 f6 38. g4 1-0

[Event "C.to Italiano U14 femminile"]
[Site "Cortina d'Ampezzo ITA"]
[Date "2002.07.04"]
[Round "4"]
[White "Ambrosi, Eleonora"]
[Black "Panella, Fiammetta"]
[Result "1-0"]
[WhiteElo "2067"]
[BlackElo "1693"]
[PlyCount "124"]
[EventDate "2002.07.02"]

1. d4 d5 2. Nf3 Nf6 3. c4 e6 4. g3 Nbd7 5. Bg2 b6 6. O-O Bb7 7. Qc2 Bd6 8. b3
O-O 9. Bb2 c5 10. Nbd2 cxd4 11. Nxd4 e5 12. Nf5 Bc5 13. Rad1 Qc7 14. Qb1 d4 15.
a3 a5 16. Ne4 Nxe4 17. Bxe4 Bxe4 18. Qxe4 g6 19. Nh4 f5 20. Qc2 Rad8 21. Qc1
Nf6 22. Ng2 Qe7 23. e3 d3 24. Qc3 e4 25. Nf4 Bxa3 26. Bxa3 Qxa3 27. Ne6 Qd6 28.
Nxf8 Rxf8 29. Rb1 Nd7 30. Qd4 Qe6 31. f4 Nf6 32. h3 Rc8 33. Rfc1 Nd7 34. b4
axb4 35. Rxb4 Ra8 36. Rb2 Ra4 37. Qc3 Qc6 38. Rb4 Ra2 39. Rb2 Ra4 40. Qb3 Kg7
41. Ra2 Nc5 42. Qc3+ Qf6 43. Qxf6+ Kxf6 44. Rb2 Ra6 45. Rcb1 Ra4 46. Rxb6+ Kg7
47. R6b4 Rxb4 48. Rxb4 d2 49. Rb1 Nb3 50. Rd1 Kf6 51. Kf2 Ke6 52. Ke2 Kd6 53.
Rxd2+ Nxd2 54. Kxd2 Kc6 55. Kc2 Kb6 56. Kc3 Kc5 57. Kb3 Kc6 58. Kb4 Kb6 59. c5+
Kc6 60. Kc4 h6 61. Kd4 Kc7 62. Kd5 Kd7 1-0

[Event "C.to Italiano U14 femminile"]
[Site "Cortina d'Ampezzo ITA"]
[Date "2002.07.04"]
[Round "4"]
[White "Rigo, Caterina"]
[Black "Brancati, Giovanna"]
[Result "1/2-1/2"]
[WhiteElo "1570"]
[BlackElo "1500"]
[PlyCount "123"]
[EventDate "2002.07.02"]

1. e4 c5 2. Nf3 Nc6 3. d4 cxd4 4. Nxd4 d6 5. Nc3 g6 6. Be3 Bg7 7. Bc4 Nf6 8.
Qd2 Ng4 9. Nxc6 bxc6 10. Bd4 e5 11. Be3 Nxe3 12. Qxe3 O-O 13. O-O Re8 14. Rfd1
Be6 15. Qd3 Bxc4 16. Qxc4 Qc7 17. Nb5 Qb6 18. Nxd6 Rf8 19. Qc3 Rab8 20. Nc4 Qc7
21. Rd3 Rfd8 22. Rad1 Bf6 23. h3 Bg7 24. b3 Bf6 25. Na5 Rdc8 26. Rd7 Qb6 27.
Qc4 Rf8 28. Qc3 Rbc8 29. g3 a6 30. R1d6 Bg7 31. Rxc6 Rxc6 32. Nxc6 Qb5 33. Rd5
Qb7 34. Nxe5 Re8 35. Qc6 Qxc6 36. Nxc6 Rxe4 37. Kf1 Bc3 38. Rd1 a5 39. f3 Re6
40. Nd4 Rd6 41. Rd3 Bxd4 42. c3 Bc5 43. Rxd6 Bxd6 44. g4 Kg7 45. Ke2 Bc5 46.
Kd3 Kf6 47. Kc4 Bd6 48. Kd5 Be5 49. c4 h5 50. c5 hxg4 51. hxg4 Bf4 52. c6 Kg5
53. Kc5 Bc7 54. Kb5 f5 55. Ka6 fxg4 56. fxg4 Kxg4 57. Kb7 Bd6 58. a3 g5 59. b4
axb4 60. axb4 Kf3 61. c7 Bxc7 62. Kxc7 1/2-1/2